A Textbook of Plant taxonomy / (رقم التسجيلة. 79526)

تفاصيل مارك
000 -الفاتح
حقل البيانات ثابتة الطول 00595nam a2200205I 4500
003 - محدد رقم الضبط
رقم الضبط OSt
005 - وقت وتاريخ اخر تعامل مع التسجيلة
رقم الضبط 20210307100056.0
008 - عناصر البيانات ثابتة الطول - معلومات عامة
حقل البيانات ثابتة الطول 750603| 2013ii |||||||eng c
020 ## - الرقم الدولى المعيارى للكتب
الرقم الدولى المعيارى للكتاب 9789350842904
040 ## - مصدر الفهرسة
وكالة الفهرسة الأصلية Ma-Un
وكالة النسخ CIN
وكالة التعديل CIN
لغة الفهرسة eng
050 ## - رقم طلب مكتبة الكونجرس
رقم التصنيف QK95
رقم المادة .C6
082 ## - رقم تصنيف ديوى العشرى
رقم التصنيف 580.12
رقم الطبعة 21
رقم المادة SST
100 ## - المدخل الرئيسى - إسم شخصى
الإسم الشخصى Sinha, S. K.
9 (RLIN) 88729
245 10 - بيان العنوان
العنوان A Textbook of Plant taxonomy /
بيان المسئوليه,etc S. K. Sinha.
260 0# - PUBLICATION, DISTRIBUTION, ETC. (IMPRINT)
مكان الناشر او الموزع New Delhi :
تاريخ النشر أو التوزيع Centrum Press :
-- 2013
300 ## - الوصف المادى
التعداد xiv, 296 p.
تفاصيل ماديه اخرى للوعاء illus.
أبعاد الوعاء 24 cm
504 ## - تبصرة ببليوجرافية
تبصرة ببليوجرافية,الخ Includes bibliographical references
650 #0 - المدخل الاضافى بالموضوع-مصطلح موضوعى
مصطلح موضوعي أو اسم جغرافي كعنصر مدخل Botany
التقسيم الفرعي العام Classification
9 (RLIN) 65015
942 ## - عناصر المدخل الإضافي( كوها)
Koha [default] item type كتاب
مصدر التصنيف او مخطط الترفيف Dewey Decimal Classification
المقتنيات
حالة الفقد نموذج السعر الفعال حالة تلف ليس للاعارة رقم الطلب تاريخ الاكتساب الموقع الحالي الباركود الفرع الرئيسي Date last seen نوع المادة فى نظام كوها مصدر التصنيف او خطة الترفيف Total Checkouts
  2021-03-07     580.12 SST 2021-03-07 المكتبة المركزية بالمجمعة (CL) 00168021 المكتبة المركزية بالمجمعة (CL) 2021-03-07 كتاب Dewey Decimal Classification  
  2021-03-07     580.12 SST 2021-03-07 المكتبة المركزية بالمجمعة (CL) 00168022 المكتبة المركزية بالمجمعة (CL) 2021-03-07 كتاب Dewey Decimal Classification  
  2021-03-07     580.12 SST 2021-03-07 المكتبة المركزية بالمجمعة (CL) 00168023 المكتبة المركزية بالمجمعة (CL) 2021-03-07 كتاب Dewey Decimal Classification  
  2021-03-07     580.12 SST 2021-03-07 مكتبة كلية التمريض - طالبات (CNF) 00168068 مكتبة كلية التمريض - طالبات (CNF) 2021-03-07 كتاب Dewey Decimal Classification  
  2021-03-07     580.12 SST 2021-03-07 مكتبة كلية التمريض - طالبات (CNF) 00168069 مكتبة كلية التمريض - طالبات (CNF) 2021-03-07 كتاب Dewey Decimal Classification  
  2021-03-07     580.12 SST 2021-03-07 مكتبة مجمع الكليات بالزلفى - طلاب (SZM) 00168066 مكتبة مجمع الكليات بالزلفى - طلاب (SZM) 2021-03-07 كتاب Dewey Decimal Classification  
  2021-03-07     580.12 SST 2021-03-07 مكتبة مجمع الكليات بالزلفى - طلاب (SZM) 00168067 مكتبة مجمع الكليات بالزلفى - طلاب (SZM) 2021-03-07 كتاب Dewey Decimal Classification